Impacting theatre audiences (Record no. 110315)

MARC details
000 -LEADER
campo de control de longitud fija 01564nam a2200421 i 4500
001 - NÚMERO DE CONTROL
campo de control MOR01000110644
003 - IDENTIFICADOR DE NÚMERO DE CONTROL
campo de control $$amxcmmo
005 - FECHA Y HORA DE LA ÚLTIMA TRANSACCIÓN
campo de control 20260331231223.0
008 - DATOS DE LONGITUD FIJA--INFORMACIÓN GENERAL
campo de control de longitud fija 211202s2022 nyuo g b 001 0 eng d
020 ## - NÚMERO INTERNACIONAL ESTÁNDAR DEL LIBRO
Número Internacional Estándar del Libro 9781032214139
Información calificativa (encuadernado)
020 ## - NÚMERO INTERNACIONAL ESTÁNDAR DEL LIBRO
Número Internacional Estándar del Libro 9781032214160
Información calificativa (rústica)
020 ## - NÚMERO INTERNACIONAL ESTÁNDAR DEL LIBRO
ISBN cancelado o inválido 9781032214146
Información calificativa (libro electrónico)
035 ## - NÚMERO DE CONTROL DEL SISTEMA
Número de control de sistema 221022
040 ## - FUENTE DE CATALOGACIÓN
Centro catalogador/agencia de origen DLC
Lengua de catalogación eng
Centro/agencia transcriptor DLC
Centro/agencia modificador mxcmmo
Normas de descripción rda
041 0# - CÓDIGO DE IDIOMA
Código de lengua del texto/banda sonora o título independiente eng
082 04 - NÚMERO DE LA CLASIFICACIÓN DECIMAL DEWEY
Número de clasificación 792
Número de ítem IMP.t
245 00 - MENCIÓN DEL TÍTULO
Título Impacting theatre audiences
Resto del título : methods for studying change/
Mención de responsabilidad, etc. edited by Dani Snyder-Young and Matt Omasta
264 #1 - PRODUCCIÓN, PUBLICACIÓN, DISTRIBUCIÓN, FABRICACIÓN Y COPYRIGHT
Producción, publicación, distribución, fabricación y copyright Abingdon, Oxon ; New York:
Nombre del de productor, editor, distribuidor, fabricante Routledge,
Fecha de producción, publicación, distribución, fabricación o copyright 2022
300 ## - DESCRIPCIÓN FÍSICA
Extensión vi, 242 páginas:
Otras características físicas fotografías (blanco y negro)
336 ## - TIPO DE CONTENIDO
Término de tipo de contenido texto
Código de tipo de contenido txt
Fuente rdacontent
337 ## - TIPO DE MEDIO
Nombre/término del tipo de medio sin medio
Código del tipo de medio n
Fuente rdamedia
338 ## - TIPO DE SOPORTE
Nombre/término del tipo de soporte volumen
Código del tipo de soporte nc
Fuente rdacarrier
490 0# - MENCIÓN DE SERIE
Mención de serie Routledge audience research
504 ## - NOTA DE BIBLIOGRAFÍA, ETC.
Nota de bibliografía, etc. Nota Incluye referencias bibliográficas e índice
541 0# - NOTA DE FUENTE DE ADQUISICIÓN DIRECTA
Fuente de adquisición Dr. Carlos Domínguez
Forma de adquisición
650 #7 - PUNTO DE ACCESO ADICIONAL DE MATERIA--TÉRMINO DE MATERIA
Término de materia o nombre geográfico como elemento de entrada Teatro
Subdivisión general Aspectos sociales
-- Estudio de casos
-- Alocuciones, ensayos, conferencias
9 (RLIN) 200208
700 1# - ENTRADA AGREGADA--NOMBRE PERSONAL
Nombre de persona Omasta, Matt
Fechas asociadas al nombre 1980-
Término indicativo de función/relación editor
9 (RLIN) 200209
700 1# - ENTRADA AGREGADA--NOMBRE PERSONAL
Nombre de persona Snyder-Young, Dani
Fechas asociadas al nombre 1977-
Término indicativo de función/relación editor
9 (RLIN) 200210
900 ## - ELEMENTOS DE DATOS A LOCAL, LDA (RLIN)
Nombre de persona BERENICE
Numeración 40
Títulos y otros términos asociados al nombre 20221116
Lenguaje de la obra MOR01
-- 1120
900 ## - ELEMENTOS DE DATOS A LOCAL, LDA (RLIN)
Nombre de persona CATY
Numeración 30
Títulos y otros términos asociados al nombre 20220912
Lenguaje de la obra MOR01
-- 0912
900 ## - ELEMENTOS DE DATOS A LOCAL, LDA (RLIN)
Nombre de persona CATY
Numeración 30
Títulos y otros términos asociados al nombre 20220912
Lenguaje de la obra MOR01
-- 0917
900 ## - ELEMENTOS DE DATOS A LOCAL, LDA (RLIN)
Nombre de persona LUIS
Numeración 20
Títulos y otros términos asociados al nombre 20220905
Lenguaje de la obra MOR01
-- 1000
900 ## - ELEMENTOS DE DATOS A LOCAL, LDA (RLIN)
Nombre de persona LUIS
Numeración 20
Títulos y otros términos asociados al nombre 20220905
Lenguaje de la obra MOR01
-- 1000
900 ## - ELEMENTOS DE DATOS A LOCAL, LDA (RLIN)
Nombre de persona MARC21
Numeración 40
Títulos y otros términos asociados al nombre 20221122
Lenguaje de la obra MOR01
-- 1520
900 ## - ELEMENTOS DE DATOS A LOCAL, LDA (RLIN)
Nombre de persona VOBO
Numeración 40
Títulos y otros términos asociados al nombre 20230116
Lenguaje de la obra MOR01
-- 1326
904 ## - ELEMENTOS DE DATOS D LOCAL, LDD (RLIN)
a UPDATE
942 ## - ELEMENTOS DE ENTRADA SECUNDARIOS (KOHA)
Código de la institución [OBSOLETO] BK
901 ## - ELEMENTOS DE DATOS A LOCAL LDA (RLIN)
a batch batch
Holdings
Estatus retirado Estado de pérdida Fuente del sistema de clasificación o colocación Estado de daño No para préstamo Colección Biblioteca de origen Biblioteca actual Ubicación en estantería Fecha de adquisición Fuente de adquisición Número de inventario Total de préstamos Signatura topográfica completa Código de barras Visto por última vez Precio de reemplazo Tipo de ítem Koha
    Clasificación Decimal Dewey     Libros (General) Biblioteca Instituto Mora Biblioteca Instituto Mora Regular 12/09/2022   138013   (G)/792 IMP.t 33006801142426 03/09/2024 03/09/2024 Libro préstamo regular